| 000 | 00862cam a2200277 a 4500 | ||
|---|---|---|---|
| 001 | 000014329 | ||
| 005 | 20260116073830.0 | ||
| 008 | 020128s2001 pr a b 000 0 spa d | ||
| 020 | _a1563281775 | ||
| 035 | _a(OCoLC)ocm48881691 | ||
| 040 |
_aDO-SdBNP _cGZM _dPL# _dDLC |
||
| 082 |
_a331.44097295 _bV632m |
||
| 100 | 1 |
_aVicéns Salas, Catalina. _932337 |
|
| 245 | 1 | 0 |
_aMujer, autoestima y trabajo en Puerto Rico / _cCatalina Vicéns Salas. |
| 260 |
_aSan Juan : _bPlaza Mayor, _c2001. |
||
| 300 |
_a159 p. : _bil. ; _c20 cm. |
||
| 490 | 1 |
_aDédalo _aEnsayo |
|
| 504 | _aBibliografías: p. 153-159. | ||
| 650 | 4 |
_aMujeres trabajadoras _932338 |
|
| 651 | 0 |
_aPuerto Rico _914773 |
|
| 650 | 0 |
_aAutoestima _9212 |
|
| 650 | 4 |
_aSatisfacción en el trabajo _927456 |
|
| 830 | 0 |
_aDédalo ; _pEnayo _932339 |
|
| 910 | _aCatalogación por copia/LC | ||
| 049 | _aBNGR | ||
| 999 |
_c13924 _d13924 |
||